000 01353cab a2200385 4500
001 ABS54811
008 090401t1996 xxu||||| |||| 00| 0 eng d
035 _a(Sirsi) u12359
041 _aeng
100 _aTaylor, P.
245 _aCompeting for the left-overs
260 _c1996
350 _a0
490 _aProperty Finance & Development
_v8(2) February 1996, 10-11(2)
520 _aConsiders the rules distinguishing a fixture from a chattel, examines the competing rights of landlords, secured creditors and third parties over rights to assets of failed businesses. Refers to case law.
650 _aBUSINESS FAILURES
650 _aCHATTELS
650 _aCUNCLIFFE ENGINERING LTD V ENGLISH INDUSTRIAL ESTATE CORP
650 _aFIXTURE AND FITTINGS
650 _aHOBSON V GORRINGE
650 _aKENNEDY V SOS WALES
650 _aLANDLORDS FIXTURES
650 _aLAW OF DISTRESS AMENDMENT ACT 1909
650 _aSALFORD VAN HIRE (CONTRACTS) LTD V BOCHOLT DEVELOPMENTS LTD
650 _aSECURED CREDITORS
650 _aSEIZURE OF ASSETS
650 _aTENANTS FIXTURES
650 _aTHIRD PARTIES
650 _aTSB BANK PLC V BOTHAM
650 _aUNSECURED CREDITORS
650 _aWHARFLAND LTD V SOUTH LONDON CO-OPERATIVE BUILDINGS LTD
690 _aPROPERTY LAW AND PRACTICE
942 _n0
948 _c04/03/1997
999 _c7901
_d7901